00346nam a2200097Ia 45000010005000000080041000050820026000461000053000722450099001252600024002243730241024s9999 xx 000 0 und d aRD/374.087/R426q/2013 aRepública Dominicana Ministerio de Educación 0aQuisqueya aprende contigo, Guia para aprendizaje adaptado a personas con discapacidad auditiva bSanto Domingoc2013